01016nam a2200241 a 450000100100000000500170001000800410002704000250006808200220009310000420011524500570015726000460021430000210026049000360028150000710031759000270038865000420041565000310045783000430048891000370053195201890056899900170075700001412320240412074240.0091204s1957 ag 000 p spa d aDO-SdBNPbspacBNPHU aRD861.4408bC117a1 aCabral, Manuel del,d1907-199992355610aAntología clave :b1930-1956 /cManuel del Cabral. aBuenos Aires, Argentina :bLosada,c1957. a262 p. ;c19 cm.1 aBiblioteca contemporáneav273 aIncluye datos biográficos del autor en la solapa de la cubierta. aInventariado, 2019/MFF 4aPoesía dominicanaxColecciones9351 0aLiteratura dominicana.967 0aBiblioteca contemporáneav273914729 aValidado. Control de calidad MFF 001050718RVaPDbPDcHDd2009-12-04iLF1l0oRD861.4408 C117ap14123-10r2020-06-25w2020-06-25y1zPerteneció a la biblioteca personal de Aida Cartagena PortalantinZNo se presta c13725d13725